000 00401pab a2200157 454500
008 180718b1975 xxu||||| |||| 00| 0 eng d
100 _aKothari, Shanti
245 _aDirections in agricultural development
260 _c1975
300 _ap.48-52.
362 _aJan-Mar
650 _aAgricultural development
773 _aIndian Journal of Public Administration
908 _aN
909 _a88080
999 _c88080
_d88080